000 01096nam a2200229Ia 4500
001 15645
003 GE_BSU
008 181216s||||||||xx |||||||||||||| ||und||
040 _cGE_BSU
080 _a821.353.1-32
100 _aწერეთელი, ა.
245 _aთხზულებათა სრული კრებული : 15 ტომად. ტ.8
245 _bმხატვრული პროზა
245 _cტექსტი მოამზადა ა. კენჭოშვილმა ; შენიშვნები გ. აბზიანიძის.სარედ. კოლ.გ.აბზიანიძე. ლ. ასათიანი. ი.გრიშაშვილი. და სხვ. რედ. გ. აბზიანიძე
260 _aთბილისი
260 _bსაბჭ. საქართველო
260 _c1958
300 _a390 გვ.20 სმ.
653 _aთხზულებათა სრული კრებული
653 _aმხატვრული პროზა
942 _cBK
999 _c48745
_d48745